Pays du Monde commençant par IN, IR, IS, JA, KI, KO - Statistiques

Statistiques générales
  • Ce quiz a été pris 460 fois
  • Le résultat moyen est 11 sur 13
Statistiques - réponses
Réponse % Correct
Irlande
97%
Islande
97%
Inde
96%
Indonésie
95%
Jamaïque
94%
Japon
89%
Iran
88%
Koweït
86%
Irak
85%
Kosovo
81%
Israël
79%
Kirghizistan
76%
Kiribati
75%
Aucun quiz correspondant
Distribution des résultats
% des personnes avec chaque résultat
Percentile par nombre de réponses
Votre historique - résultats
Vous n’avez pas pris ce quiz